| 000 | 00990pam a2200289 a 4500 | ||
|---|---|---|---|
| 999 |
_c330367 _d330367 |
||
| 001 | 3507093 | ||
| 003 | NUST | ||
| 005 | 20170622131224.0 | ||
| 008 | 950830s1996 nyu b 001 0 eng | ||
| 010 | _a 95038836 | ||
| 020 | _a031213987X | ||
| 040 |
_aDLC _cDLC _dDLC |
||
| 050 | 0 | 0 |
_aTS157 _b.F63 1996 |
| 082 | 0 | 0 |
_a620.001 FLO _220 |
| 100 | 1 |
_aFlorman, Samuel C. _93100 |
|
| 245 | 1 | 4 |
_aThe introspective engineer / _cSamuel C. Florman. |
| 250 | _a1st ed. | ||
| 260 |
_aNew York : _bSt. Martin's Press, _cc1996. |
||
| 300 |
_axii, 244 p. ; _c22 cm. |
||
| 500 | _a"A Thomas Dunne book." | ||
| 500 | _aIncludes index. | ||
| 501 | _aH.B | ||
| 650 | 0 |
_aEngineering _xPhilosophy. _93101 |
|
| 650 | 0 |
_aEngineering _xPsychological aspects. _93102 |
|
| 650 | 0 |
_aTechnology _xPhilosophy. _93103 |
|
| 906 |
_a7 _bcbc _corignew _d1 _eocip _f19 _gy-gencatlg |
||
| 942 |
_2ddc _cBK _kIESE |
||